000 00355nam a2200145Ia 4500
008 230711s9999||||xx |||||||||||||| ||und||
041 _aENG
082 _a624
_bDO-E
100 _aDowrick,David J
245 0 _aEarthquake resistant design
250 _a1st
260 _c1987
_aNew York
_bJohn Wiley & Sons.Inc
650 _aCivil Engineering
942 _cBK
999 _c1158
_d1158